| 000 | 00526nam a2200181Ia 4500 | ||
|---|---|---|---|
| 003 | GCL | ||
| 008 | 140319s9999 xx 000 0 eng d | ||
| 040 |
_aGCL / _cGCL |
||
| 082 | 0 | 4 |
_a624.171 _bS E |
| 100 | 1 | _aSTAFFMEMBERS OF SURVEYING FACULLY OF ENG | |
| 245 | 1 | 0 |
_aENGINEERING SURVEYING / _cSTAFFMEMBERS OF SURVEYING FACULLY OF ENG |
| 260 |
_a[S.N] : _bDAR EL- RABAB- AL- JAMIAH |
||
| 300 | _a159 P | ||
| 650 | 0 | 4 | _aالتحليل الرياضى |
| 650 | 0 | 4 | _aCIVIL ENGINEERING |
| 650 | 0 | 4 | _aSURVERYING |
| 942 |
_2ddc _cBK |
||
| 999 |
_c19764 _d19764 |
||